000 00482nam a22001817a 4500
001 00028639
005 20260328094635.0
008 260325b ag ||||| |||| 00| 0 spa d
022 _a16660307
040 _bspa
_cAR-CcCEOS
080 _a159.94
090 _bMAL13
245 _aMal estar 13 :
_bpasicoanálisis/ cultura /
_cJorge Aulicino ... [et.al]
260 _aArgentina :
_bEDULP,
_c2012.
300 _a174 p. ;
_c18x15 cm.
650 0 _apsicoanálisis
942 _2udc
_cBK
999 _c28671
_d28671
945 _c66467
_dMelina Rolando